Word Laddyrinth Challenge Quiz Stats

 Plays Quiz Updated Apr 15, 2014

Challenge
Share
Tweet
Embed
Score 0/200 Timer 12:00
4 Plays Today
% Correct
Bird's bill
99.4%
Feeble
99.4%
Bandmaster Lawrence
99.4%
Lima or kidney, e.g.
99.4%
Average measure
99.4%
Cereal ingredient
99.4%
Mutton or veal, e.g.
96.7%
Impish child
96.6%
Artesian, e.g.
95.7%
BEAK
95.1%
Chair, e.g.
95%
Londoner, for short
94.1%
BEAN
93.6%
Mailed
92%
Former Berlin divider
91.7%
Express anger
91.4%
WEAK
90.9%
___ cava
90.6%
Suit portion
90.6%
MEAT
89.4%
SEAT
89.3%
Star in Lyra
89.3%
SENT
88.5%
Animator Disney
87.6%
Stop
87.4%
Sword handle
87.3%
Χ~Χ~Χ~Χ~Χ~Χ~Χ~Χ~Χ~Χ~Χ
87%
River sediment
86.8%
WALL
86.4%
Angelina Jolie film
86.4%
WALT
86.2%
MEAN
86.1%
HALT
85.5%
'___ of the Century'
85.2%
Free from sickness
84.7%
Χ~Χ~Χ~Χ~Χ~Χ~Χ~Χ~Χ~Χ~Χ
84.3%
VENT
82.1%
SILT
81.9%
HILT
81.4%
Worm, e.g.
80.5%
First-person shooter
78.6%
'___ accompli'
78.4%
Χ~Χ~Χ~Χ~Χ~Χ~Χ~Χ~Χ~Χ~Χ
78.1%
Χ~Χ~Χ~Χ~Χ~Χ~Χ~Χ~Χ~Χ~Χ
77.7%
Χ~Χ~Χ~Χ~Χ~Χ~Χ~Χ~Χ~Χ~Χ
77.7%
Χ~Χ~Χ~Χ~Χ~Χ~Χ~Χ~Χ~Χ~Χ
77.2%
Fiction opposite
76.1%
WELL
75.8%
SALT
75.7%
BRIT
74.5%
WELK
74.3%
VEST
74%
Password Part 2: ●HE●
74%
BRAT
74%
BRAN
72.2%
Χ~Χ~Χ~Χ~Χ~Χ~Χ~Χ~Χ~Χ~Χ
69.9%
Χ~Χ~Χ~Χ~Χ~Χ~Χ~Χ~Χ~Χ~Χ
69.9%
Χ~Χ~Χ~Χ~Χ~Χ~Χ~Χ~Χ~Χ~Χ
68.8%
Genesis maker
68.4%
Χ~Χ~Χ~Χ~Χ~Χ~Χ~Χ~Χ~Χ~Χ
68.2%
Blood fluids
68.1%
French composer Édouard
67.2%
VENA
64.8%
SALE
63.5%
FACT
62.9%
Password Part 3: ●MO●
62.9%
Χ~Χ~Χ~Χ~Χ~Χ~Χ~Χ~Χ~Χ~Χ
60.3%
% Correct
Χ~Χ~Χ~Χ~Χ~Χ~Χ~Χ~Χ~Χ~Χ
59.6%
Χ~Χ~Χ~Χ~Χ~Χ~Χ~Χ~Χ~Χ~Χ
56.7%
FAIT
56.4%
Χ~Χ~Χ~Χ~Χ~Χ~Χ~Χ~Χ~Χ~Χ
55.3%
Stitch's friend
55.2%
Worm-based fiber
54.6%
Grain storage place
54.2%
SILO
53.5%
LILO
53.4%
BAIT
52.9%
SILK
51.2%
Password Part 4: ●TH●
51.2%
Prefix for trillion
50.7%
Χ~Χ~Χ~Χ~Χ~Χ~Χ~Χ~Χ~Χ~Χ
49.8%
Χ~Χ~Χ~Χ~Χ~Χ~Χ~Χ~Χ~Χ~Χ
49.5%
HALE
48.9%
Χ~Χ~Χ~Χ~Χ~Χ~Χ~Χ~Χ~Χ~Χ
47.6%
Marine bird
47.5%
VEGA
47.4%
Mean, password-protected
47.4%
troll, blocking your way
47.4%
HALO
45.1%
SEGA
42.4%
LALO
40.7%
TERA
40.3%
Χ~Χ~Χ~Χ~Χ~Χ~Χ~Χ~Χ~Χ~Χ
39.7%
Χ~Χ~Χ~Χ~Χ~Χ~Χ~Χ~Χ~Χ~Χ
38.7%
Χ~Χ~Χ~Χ~Χ~Χ~Χ~Χ~Χ~Χ~Χ
38.5%
Χ~Χ~Χ~Χ~Χ~Χ~Χ~Χ~Χ~Χ~Χ
38.5%
SERA
38%
Password Part 1: ●BE●
37.7%
TERN
37.7%
Χ~Χ~Χ~Χ~Χ~Χ~Χ~Χ~Χ~Χ~Χ
36.7%
Χ~Χ~Χ~Χ~Χ~Χ~Χ~Χ~Χ~Χ~Χ
36.4%
Χ~Χ~Χ~Χ~Χ~Χ~Χ~Χ~Χ~Χ~Χ
35.9%
'Goosebumps' author
35.2%
Period of time
35.2%
Canonized person
35.2%
Lose consciousness
34.7%
Χ~Χ~Χ~Χ~Χ~Χ~Χ~Χ~Χ~Χ~Χ
34.1%
Sparking stone
34%
Toss away
34%
Stick to
33.9%
FAINT
33.5%
SAINT
32.8%
STINE
32%
Χ~Χ~Χ~Χ~Χ~Χ~Χ~Χ~Χ~Χ~Χ
31.5%
Χ~Χ~Χ~Χ~Χ~Χ~Χ~Χ~Χ~Χ~Χ
30.9%
Bell sound
30.9%
FLINT
30.6%
STINT
29.7%
Argot
28.8%
FLING
28.3%
Slope
27.8%
Grass or weed, e.g.
27.5%
Χ~Χ~Χ~Χ~Χ~Χ~Χ~Χ~Χ~Χ~Χ
27%
CLING
27%
Χ~Χ~Χ~Χ~Χ~Χ~Χ~Χ~Χ~Χ~Χ
27%
Χ~Χ~Χ~Χ~Χ~Χ~Χ~Χ~Χ~Χ~Χ
26.9%
CLANG
26.8%
Board on a deck
26.7%
Braid of hair
26.6%
Tartan pattern
26.4%
A mischievous act
26.4%
A handle to turn
26.1%
Damage to a cup
25.7%
PLANK
25.5%
% Correct
Follow the scent of
25.5%
PLANT
25.5%
PRANK
25.4%
A small amount
25.2%
CRANK
24.9%
Barter
24.8%
Open space in the woods
24.7%
A set of trees
24.7%
SLANT
24.7%
Showing courage
24.7%
Burial place
24.6%
Soar on the wind
24.6%
A- or C+, e.g.
24.6%
CRACK
24.6%
A treasure location
24.5%
John Wayne's 'Rio ___'
24.5%
Swingset portion
24.4%
SLANG
24.3%
GRADE
24.2%
TRACK
24.1%
A figure of speech
24%
TRADE
24%
GRAVE
23.9%
PLAIT
23.8%
BRAVE
23.6%
Weapon Part: ●THE●
23.6%
PLAID
23.6%
TRACE
23.5%
'Run Runaway' band
23.3%
Roofing stone
23.2%
GLADE
22.8%
GLIDE
22.8%
Stomach-based dog food
22.7%
GROVE
22.6%
SLIDE
22.6%
A mean, ugly defenseless
22.1%
grue blocking your way
22.1%
BRAVO
22.1%
Complain
21.8%
Weapon Part: ●Y●
21.7%
SLATE
21.7%
TROVE
21.5%
SLADE
21.1%
Weapon Part: ●SC●
18.3%
GRIPE
18.3%
TRIPE
18.1%
TROPE
17.8%
Peril
15.4%
Item in a closet
15.4%
Another weapon
15.4%
Fred Dryer TV show
14.1%
Collins' 'The ___ Games'
14.1%
DANGER
14%
Special teams player
14%
HANGER
13.8%
Playwright Harold
13.8%
HUNGER
13.7%
DAGGER
13.6%
'The ___ of our discontent'
13.3%
You, if you finish
13.2%
HUNTER
13.1%
PUNTER
13.1%
PINTER
13%
WINTER
13%
CONGRATULATIONS!!!
12.8%
WINNER
12.8%

You're not logged in!

Compare scores with friends on all Sporcle quizzes.
OR
Log In

You Might Also Like...

Show Comments

Extras

Top Quizzes Today


Score Distribution

Your Account Isn't Verified!

In order to create a playlist on Sporcle, you need to verify the email address you used during registration. Go to your Sporcle Settings to finish the process.

Report this User

Report this user for behavior that violates our Community Guidelines.

Details: